[Event "IPCA Wch 19th"]
[Site "Ruzomberok"]
[Date "2019.07.03"]
[Round "6"]
[White "Tebenkov, Vladislav"]
[Black "Shashikant, Kutwal"]
[Result "1-0"]
[WhiteElo "2096"]
[BlackElo "2176"]
[PlyCount "81"]
[EventDate "2019.06.28"]
[EventType "swiss"]
[EventRounds "9"]
[EventCountry "SVK"]
[SourceTitle "CBM 191 Extra"]
[Source "ChessBase"]
[SourceDate "2019.09.30"]
[SourceVersion "1"]
[SourceVersionDate "2019.09.30"]
[SourceQuality "1"]

1. e4 c5 2. Nf3 d6 3. d4 cxd4 4. Qxd4 e5 5. Bb5+ Nd7 6. Bxd7+ Bxd7 7. Qd3 Rc8 8. Nc3 h6 9. Be3 Nf6 10. Nd2 Qc7 11. f3 a6 12. 0-0 Be7 13. Bf2 0-0 14. Rfd1 b5 15. a3 Be6 16. Nf1 Bc4 17. Qd2 a5 18. Ne3 b4 19. axb4 axb4 20. Na2 b3 21. cxb3 Bxb3 22. Rdc1 Qb7 23. Nc3 Qb4 24. Nf5 Rfe8 25. Bh4 Kh7 26. Bxf6 Bxf6 27. Qxd6 Qb7 28. Qa6 Qxa6 29. Rxa6 Bg5 30. Rca1 Rb8 31. h4 Bd8 32. Kh2 g6 33. Nd6 Re6 34. Nd5 Bxh4 35. Nxf7 Bxd5 36. exd5 Re7 37. Ra7 Kg7 38. Nxe5 Rxb2 39. Rxe7+ Bxe7 40. Ra7 Kf6 41. Ng4+ 1-0

[Event "Rotterdam Basamro 5th"]
[Site "Rotterdam"]
[Date "2017.09.23"]
[Round "1.1"]
[White "Galchenko, Matvey"]
[Black "Tebenkov, Vladislav"]
[Result "1/2-1/2"]
[WhiteElo "2340"]
[BlackElo "2036"]
[PlyCount "84"]
[EventDate "2017.09.23"]
[EventType "team-tourn"]
[EventRounds "3"]
[EventCountry "NED"]
[SourceTitle "CBM 180 Extra"]
[Source "ChessBase"]
[SourceDate "2017.10.06"]
[SourceVersion "1"]
[SourceVersionDate "2017.10.06"]
[SourceQuality "1"]
[WhiteTeam "Murmansk Region"]
[BlackTeam "St Petersburg Region"]
[WhiteTeamCountry "RUS"]
[BlackTeamCountry "RUS"]

1. c4 e5 2. Nc3 f5 3. g3 Nf6 4. Bg2 g6 5. d3 Bg7 6. b4 0-0 7. Rb1 d6 8. e3 c6 9. Nge2 Be6 10. b5 d5 11. bxc6 bxc6 12. cxd5 cxd5 13. 0-0 Nc6 14. Ba3 Re8 15. Qa4 Qd7 16. Rfc1 Rec8 17. Qa6 Rab8 18. Na4 Rxb1 19. Rxb1 Nb8 20. Qa5 Nc6 21. Qe1 Qe8 22. Nc5 Bf8 23. Qc3 Bf7 24. h3 Be7 25. Rc1 Qf8 26. f4 Bd6 27. fxe5 Nxe5 28. Qd4 Qe7 29. Kh1 Nc6 30. Qh4 Ne5 31. Qd4 Nc6 32. Qh4 Ne5 33. Bb2 Rxc5 34. Rxc5 Bxc5 35. Bxe5 Qxe5 36. d4 Bxd4 37. exd4 Qxe2 38. Qxf6 Qxa2 39. Kh2 Qa5 40. h4 Qb6 41. Qe5 Qe6 42. Qb8+ Kg7 1/2-1/2

[Event "World School-ch U15"]
[Site "Sochi"]
[Date "2016.12.08"]
[Round "5"]
[White "Al Hosani, Omran"]
[Black "Tebenkov, Vladislav"]
[Result "1/2-1/2"]
[WhiteElo "1925"]
[BlackElo "2079"]
[PlyCount "49"]
[EventDate "2016.12.03"]
[EventType "swiss"]
[EventRounds "9"]
[EventCountry "RUS"]
[SourceTitle "EXT 2018"]
[Source "ChessBase"]
[SourceDate "2017.10.13"]
[SourceVersion "1"]
[SourceVersionDate "2017.10.13"]
[SourceQuality "1"]

1. Nf3 f5 2. d3 Nf6 3. e4 fxe4 4. dxe4 Nxe4 5. Bd3 Nf6 6. Ng5 g6 7. h4 d6 8. h5 gxh5 9. Bxh7 Rxh7 10. Nxh7 Bg4 11. Nxf6+ exf6 12. Qd3 Nc6 13. Be3 Qe7 14. Qg6+ Kd7 15. Nc3 Ne5 16. Qe4 c6 17. f3 f5 18. Qb4 b5 19. 0-0-0 Nxf3 20. gxf3 Qxe3+ 21. Kb1 Bxf3 22. Rde1 Qg5 23. Rhg1 Bg4 24. Qa5 Qd2 25. Qb4 1/2-1/2

[Event "World School-ch U15"]
[Site "Sochi"]
[Date "2016.12.06"]
[Round "4"]
[White "Tebenkov, Vladislav"]
[Black "Myradow, Soltan"]
[Result "0-1"]
[WhiteElo "2079"]
[BlackElo "1938"]
[PlyCount "63"]
[EventDate "2016.12.03"]
[EventType "swiss"]
[EventRounds "9"]
[EventCountry "RUS"]
[SourceTitle "EXT 2018"]
[Source "ChessBase"]
[SourceDate "2017.10.13"]
[SourceVersion "1"]
[SourceVersionDate "2017.10.13"]
[SourceQuality "1"]

1. e4 e6 2. d4 d5 3. Nd2 Nf6 4. e5 Nfd7 5. Bd3 b6 6. c3 Ba6 7. Bxa6 Nxa6 8. Ne2 c5 9. Nf3 Be7 10. 0-0 0-0 11. Nf4 Nc7 12. Re1 Nb8 13. h3 Nc6 14. Nh5 Qd7 15. Nh2 f5 16. exf6 Bxf6 17. Ng4 Be7 18. Re3 g6 19. Rg3 Kh8 20. Bh6 Rf7 21. Rf3 Bf8 22. Nhf6 Qd6 23. Bf4 Qd8 24. Ne5 Nxe5 25. Bxe5 Bg7 26. Nh5 Rxf3 27. Nxg7 Rf6 28. g4 Kg8 29. Qd2 Rf7 30. Qh6 Qf8 31. Re1 Ne8 32. Nf5 0-1

[Event "World School-ch U15"]
[Site "Sochi"]
[Date "2016.12.04"]
[Round "2"]
[White "Tebenkov, Vladislav"]
[Black "Bykov, Oleg1111"]
[Result "1/2-1/2"]
[WhiteElo "2079"]
[BlackElo "2319"]
[PlyCount "81"]
[EventDate "2016.12.03"]
[EventType "swiss"]
[EventRounds "9"]
[EventCountry "RUS"]
[SourceTitle "EXT 2018"]
[Source "ChessBase"]
[SourceDate "2017.10.13"]
[SourceVersion "1"]
[SourceVersionDate "2017.10.13"]
[SourceQuality "1"]

1. e4 c5 2. Nf3 a6 3. d4 cxd4 4. Nxd4 Nf6 5. Nc3 e5 6. Nb3 Bb4 7. Bg5 Bxc3+ 8. bxc3 h6 9. Bxf6 Qxf6 10. Be2 0-0 11. 0-0 d6 12. Na5 Nc6 13. Nc4 b5 14. Nb6 Rb8 15. Nxc8 Rfxc8 16. a4 Rb6 17. axb5 axb5 18. Qd5 b4 19. Rab1 Rbb8 20. Rfd1 Ne7 21. Qxd6 Qxd6 22. Rxd6 bxc3 23. Rdb6 Rxb6 24. Rxb6 Rd8 25. Rb3 Rc8 26. f3 Rc5 27. Rb5 Rxb5 28. Bxb5 Ng6 29. g3 Nf8 30. Bc4 Nd7 31. f4 Kf8 32. fxe5 Nxe5 33. Be2 Ke7 34. Kf2 Kd6 35. Ke3 Kc5 36. h3 f6 37. Bf1 g6 38. Be2 Nf7 39. Kd3 Nd6 40. Bf3 Nb5 41. Bg4 1/2-1/2

[Event "World School-ch U15"]
[Site "Sochi"]
[Date "2016.12.03"]
[Round "1"]
[White "Khangal, Khosbayar"]
[Black "Tebenkov, Vladislav"]
[Result "0-1"]
[WhiteElo "1499"]
[BlackElo "2079"]
[PlyCount "90"]
[EventDate "2016.12.03"]
[EventType "swiss"]
[EventRounds "9"]
[EventCountry "RUS"]
[SourceTitle "EXT 2018"]
[Source "ChessBase"]
[SourceDate "2017.10.13"]
[SourceVersion "1"]
[SourceVersionDate "2017.10.13"]
[SourceQuality "1"]

1. d4 f5 2. g3 Nf6 3. Bg2 g6 4. Nf3 Bg7 5. 0-0 0-0 6. b3 d6 7. Bb2 Qe8 8. c4 Na6 9. Qc2 Ne4 10. a3 e5 11. dxe5 dxe5 12. Nc3 Nd6 13. e4 f4 14. c5 Nf7 15. b4 c6 16. Rad1 g5 17. h3 h5 18. Rfe1 g4 19. hxg4 hxg4 20. Nh4 Ng5 21. Rd6 Be6 22. Red1 Nc7 23. Qd2 Qh5 24. a4 Nf7 25. Rd3 Bf6 26. Nf5 f3 27. Bh1 Bxf5 28. exf5 Kg7 29. Qe3 Rh8 30. Bxf3 gxf3 31. Qxf3 Qxf3 32. Rxf3 Rad8 33. Rfd3 Rxd3 34. Rxd3 Rd8 35. Rxd8 Bxd8 36. Ne4 Nd5 37. b5 Nf6 38. Nd6 Nxd6 39. cxd6 Nd7 40. bxc6 bxc6 41. f4 Bf6 42. Kf2 exf4 43. Bxf6+ Kxf6 44. gxf4 Kxf5 45. Ke3 Ke6 0-1

[Event "Vladivostok Primorsky Debut"]
[Site "Vladivostok"]
[Date "2016.07.26"]
[Round "6"]
[White "Yanchenko, Roman"]
[Black "Tebenkov, Vladislav"]
[Result "1-0"]
[WhiteElo "2414"]
[BlackElo "2144"]
[PlyCount "65"]
[EventDate "2016.07.21"]
[EventType "swiss"]
[EventRounds "9"]
[EventCountry "RUS"]
[SourceTitle "CBM 173 Extra"]
[Source "ChessBase"]
[SourceDate "2016.08.29"]
[SourceVersion "1"]
[SourceVersionDate "2016.08.29"]
[SourceQuality "1"]

1. d4 f5 2. g3 Nf6 3. Bg2 g6 4. Nd2 Bg7 5. e4 fxe4 6. Nxe4 Nxe4 7. Bxe4 0-0 8. Ne2 d6 9. c3 Nc6 10. h4 e5 11. h5 Qf6 12. Be3 Bf5 13. Qb3+ Kh8 14. Bxc6 bxc6 15. h6 Bxh6 16. dxe5 dxe5 17. Rxh6 Rab8 18. Qa3 Bg4 19. Nf4 Kg8 20. Ng2 Qf3 21. Kf1 Qe2+ 22. Kg1 Rxb2 23. Re1 Qc2 24. Qc5 Rf7 25. Qxc6 Rxf2 26. Bxf2 Qxf2+ 27. Kh1 Bf3 28. Qe8+ Kg7 29. Qe7+ Kg8 30. Qxh7+ Kf8 31. Qh8+ Ke7 32. Qxe5+ Kd7 33. Qe6+ 1-0

[Event "RUS IPCA-ch"]
[Site "Nalchik"]
[Date "2016.05.07"]
[Round "8"]
[White "Tebenkov, Vladislav"]
[Black "Yastrebov, Aleksey V"]
[Result "1/2-1/2"]
[WhiteElo "2076"]
[BlackElo "2125"]
[PlyCount "65"]
[EventDate "2016.04.30"]
[EventType "swiss"]
[EventRounds "9"]
[EventCountry "RUS"]
[SourceTitle "CBM 172 Extra"]
[Source "ChessBase"]
[SourceDate "2016.06.21"]
[SourceVersion "1"]
[SourceVersionDate "2016.06.21"]
[SourceQuality "1"]

1. e4 c5 2. Nf3 e6 3. d4 cxd4 4. Nxd4 Nf6 5. Nc3 Nc6 6. Nxc6 bxc6 7. e5 Nd5 8. Nxd5 cxd5 9. Bd3 Ba6 10. 0-0 Bxd3 11. cxd3 Be7 12. Qg4 Kf8 13. f4 h5 14. Qf3 g6 15. Be3 Qa5 16. Rfc1 Kg7 17. Qf2 Rhb8 18. b3 Rb7 19. Bc5 Qd8 20. Rc2 Bxc5 21. Rxc5 Rc8 22. Rac1 Rbc7 23. b4 Rxc5 24. Rxc5 Rxc5 25. Qxc5 Qh4 26. Qf2 Qg4 27. Qd2 g5 28. g3 gxf4 29. Qxf4 Qd1+ 30. Kg2 Qxd3 31. Qf6+ Kg8 32. Qd8+ Kg7 33. Qf6+ 1/2-1/2

[Event "RUS IPCA-ch"]
[Site "Nalchik"]
[Date "2016.05.03"]
[Round "4"]
[White "Obodchuk, Andrei"]
[Black "Tebenkov, Vladislav"]
[Result "1-0"]
[WhiteElo "2368"]
[BlackElo "2076"]
[PlyCount "127"]
[EventDate "2016.04.30"]
[EventType "swiss"]
[EventRounds "9"]
[EventCountry "RUS"]
[SourceTitle "CBM 172 Extra"]
[Source "ChessBase"]
[SourceDate "2016.06.21"]
[SourceVersion "1"]
[SourceVersionDate "2016.06.21"]
[SourceQuality "1"]

1. Nf3 f5 2. d4 Nf6 3. g3 g6 4. Bg2 Bg7 5. b3 0-0 6. Bb2 d6 7. 0-0 Qe8 8. c4 e5 9. dxe5 Ng4 10. h3 Nxe5 11. Nc3 Nbc6 12. e3 Nxf3+ 13. Qxf3 Be6 14. Rad1 Rd8 15. Qe2 Qf7 16. Nd5 Ne5 17. Nf4 c6 18. Rd2 Bc8 19. Rfd1 Qe7 20. Ba3 Nf7 21. h4 Rfe8 22. Rc2 Be5 23. Qd2 Bg7 24. Qc1 Qc7 25. Bb2 Ne5 26. Rcd2 Qe7 27. Bd4 Qc7 28. Qa3 a6 29. Qb2 Rf8 30. a4 a5 31. Qa3 Rfe8 32. Bb2 Bf8 33. Bc3 Rd7 34. Qb2 Bg7 35. Re2 Rdd8 36. Qd2 b6 37. Qb2 Rf8 38. Red2 Rfe8 39. Nd3 Nxd3 40. Rxd3 Bxc3 41. Qxc3 Re6 42. Qd4 Bb7 43. Qf4 Qe7 44. Qf3 Qf6 45. R1d2 Re7 46. Qd1 Red7 47. Bf3 Qe7 48. Qf1 Qe5 49. Qg2 Qc5 50. Rd4 Rc7 51. e4 fxe4 52. Rxe4 Qb4 53. Rd3 Rf7 54. Re2 d5 55. Bg4 Bc8 56. Bxc8 Rxc8 57. cxd5 cxd5 58. Qxd5 Rc1+ 59. Kg2 Rc5 60. Qe6 Rcf5 61. Rd7 Qf8 62. Rxf7 Rxf7 63. Qxb6 Qa8+ 64. Kh2 1-0